Biotechnology in agriculture
Biotechnology and agricultural betterment in the developing countries; Molecular biology and genetic engineering of nitrogen fixation;...
Wedi'i Gadw mewn:
| Prif Awdur: | |
|---|---|
| Fformat: | Llyfr |
| Iaith: | Undetermined |
| Cyhoeddwyd: |
New Delhi
Oxford & IBH Publ
1987
|
| Pynciau: | |
| Tagiau: |
Ychwanegu Tag
Dim Tagiau, Byddwch y cyntaf i dagio'r cofnod hwn!
|
| Thư viện lưu trữ: | Trung tâm Học liệu Trường Đại học Cần Thơ |
|---|
| LEADER | 00701nam a2200193Ia 4500 | ||
|---|---|---|---|
| 001 | CTU_218728 | ||
| 008 | 210402s9999 xx 000 0 und d | ||
| 082 | |a 631 | ||
| 082 | |b N273 | ||
| 100 | |a Natesh, S. | ||
| 245 | 0 | |a Biotechnology in agriculture | |
| 245 | 0 | |c S. Natesh, V. L. Chopra, S. Ramachandran | |
| 260 | |a New Delhi | ||
| 260 | |b Oxford & IBH Publ | ||
| 260 | |c 1987 | ||
| 520 | |a Biotechnology and agricultural betterment in the developing countries; Molecular biology and genetic engineering of nitrogen fixation;... | ||
| 650 | |a Agricultural biotechnology,Công nghệ sinh học nông nghiệp | ||
| 904 | |i Trúc | ||
| 980 | |a Trung tâm Học liệu Trường Đại học Cần Thơ | ||